| 000 | 00736nam a2200205 a 4500 | ||
|---|---|---|---|
| 999 |
_c5522 _d5522 |
||
| 001 | 5522 | ||
| 003 | CDMR | ||
| 005 | 20211202140234.0 | ||
| 008 | 130130s2001||||||||||||||||||||||||||||d | ||
| 016 |
_2Biblioteca de Catalunya _aDL T132-2001 |
||
| 020 | _a8489890994 | ||
| 040 |
_aCDMR _bcat _cCPC GIRONA |
||
| 111 |
_94755 _aAssociació Catalana de la Premsa Comarcal _n(5è : _d2001 : _cSant Cugat del Vallès) |
||
| 245 | 0 | 0 |
_aEls Reptes de la premsa local i comarcal al segle XXI _b: actes del V Congrés de l'Associació Catalana de la Premsa Comarcal |
| 260 |
_aValls: _bCossetània, _c2001 |
||
| 300 |
_a85 pàgines; _c24 cm |
||
| 490 |
_aEl tinter; _v19 |
||
| 650 | 0 | 4 |
_91693 _aPremsa comarcal _zCatalunya _xCongressos |
| 942 |
_cMON _2udc |
||